The recovery of mission : (Record no. 1760)

MARC details
000 -LEADER
fixed length control field 01042nam a2200325 a 4500
001 - CONTROL NUMBER
control field 4503237
003 - CONTROL NUMBER IDENTIFIER
control field GBCCL
005 - DATE AND TIME OF LATEST TRANSACTION
control field 20241126110408.0
008 - FIXED-LENGTH DATA ELEMENTS--GENERAL INFORMATION
fixed length control field 971009s1996 ii b 000 0 eng
010 ## -
-- 97905333
020 ## - INTERNATIONAL STANDARD BOOK NUMBER
International Standard Book Number 8172143389
025 ## - OVERSEAS ACQUISITION NUMBER
Overseas acquisition number I-E-97-905333; 13
040 ## - CATALOGING SOURCE
Original cataloging agency DLC
Transcribing agency DLC
042 ## -
-- lcode
050 00 -
-- BR127
-- .R26 1996
082 ## - DEWEY DECIMAL CLASSIFICATION NUMBER
Classification number 266.001
Item number RAM
100 1# - MAIN ENTRY--PERSONAL NAME
Personal name Ramachandra, Vinoth.
9 (RLIN) 3644
245 14 - TITLE STATEMENT
Title The recovery of mission :
Remainder of title beyond the pluralist paradigm /
Statement of responsibility, etc. Vinoth Ramachandra.
250 ## - EDITION STATEMENT
Edition statement 1st Indian ed.
260 ## - PUBLICATION, DISTRIBUTION, ETC.
Place of publication, distribution, etc. Delhi :
Name of publisher, distributor, etc. Indian Society for Promoting Christian Knowledge,
Date of publication, distribution, etc. 1996.
300 ## - PHYSICAL DESCRIPTION
Extent xiii, 293 p. ;
Dimensions 23 cm.
504 ## - BIBLIOGRAPHY, ETC. NOTE
Bibliography, etc. note Includes bibliographical references (p. 285-293).
650 #0 - SUBJECT ADDED ENTRY--TOPICAL TERM
Topical term or geographic name entry element Christianity and other religions.
9 (RLIN) 12
650 #0 - SUBJECT ADDED ENTRY--TOPICAL TERM
Topical term or geographic name entry element Religious pluralism.
9 (RLIN) 260
650 #0 - SUBJECT ADDED ENTRY--TOPICAL TERM
Topical term or geographic name entry element Theology
General subdivision Methodology.
9 (RLIN) 438
710 2# - ADDED ENTRY--CORPORATE NAME
Corporate name or jurisdiction name as entry element I.S.P.C.K. (Organization)
9 (RLIN) 393
906 ## - LOCAL DATA ELEMENT F, LDF (RLIN)
a 7
b cbc
c origode
d 3
e ncip
f 19
g y-gencatlg
942 ## - ADDED ENTRY ELEMENTS (KOHA)
Source of classification or shelving scheme Dewey Decimal Classification
Koha item type Books
Holdings
Withdrawn status Lost status Source of classification or shelving scheme Damaged status Not for loan Home library Current Library Shelving location Date acquired Total checkouts Full call number Barcode Date last seen Copy number Price effective from Koha item type
    Dewey Decimal Classification     GRACE BIBLE COLLEGE GRACE BIBLE COLLEGE Ministry & Mission 2017-05-25   266.001 RAM 006002 2025-05-01 c.1 2017-05-25 Books
© Grace Bible College Library 2025